<?xml version="1.0" encoding="UTF-8"?>
<collection xmlns="http://www.loc.gov/MARC21/slim">
    <record>
        <controlfield tag="001">9061</controlfield>
        <controlfield tag="005">20150325140127.0</controlfield>
        <datafield tag="037" ind1=" " ind2=" ">
            <subfield code="a">TAZ-PFC-2012-654</subfield>
        </datafield>
        <datafield tag="041" ind1=" " ind2=" ">
            <subfield code="a">spa</subfield>
        </datafield>
        <datafield tag="100" ind1="1" ind2=" ">
            <subfield code="a">Bravo Jiménez, Francisco Javier</subfield>
        </datafield>
        <datafield tag="245" ind1="0" ind2="0">
            <subfield code="a">Estudio de estrategias de selección de ruta en redes mesh cognitivas mediante teoría de juegos</subfield>
        </datafield>
        <datafield tag="260" ind1=" " ind2=" ">
            <subfield code="a">Zaragoza</subfield>
            <subfield code="b">Universidad de Zaragoza</subfield>
            <subfield code="c">2012</subfield>
        </datafield>
        <datafield tag="506" ind1=" " ind2=" ">
            <subfield code="a">by-nc-sa</subfield>
            <subfield code="b">Creative Commons</subfield>
            <subfield code="c">3.0</subfield>
            <subfield code="u">http://creativecommons.org/licenses/by-nc-sa/3.0/</subfield>
        </datafield>
        <datafield tag="520" ind1=" " ind2=" ">
            <subfield code="a">Este proyecto se enmarca dentro del estudio de técnicas eficientes de reconfiguración y adaptación al entorno en un contexto de redes inalámbricas multisalto distribuidas (ad hoc, mesh), específicamente en el estudio de técnicas distribuidas de reparto de recursos evaluadas mediante teoría de juegos.  Como alternativa, la teoría de juegos es una herramienta matemática que analiza las interacciones estratégicas entre múltiples agentes que toman decisiones. Por esta razón, resulta adecuada para analizar de una manera más formal las prestaciones de este tipo de redes, donde cada nodo debe decidir sus parámetros de configuración de manera autónoma. Sin embargo, la complejidad matemática de los problemas a resolver resulta difícil de abordar computacionalmente. Una alternativa es el desarrollo de simuladores que modelan las interacciones entre los individuos los nodos de la red, partiendo de diversas condiciones iniciales, que permiten resolver, de manera heurística, el problema planteado. En este proyecto se ha modificado un simulador ya existente sobre el que se han implementado  distintas soluciones relativas a la generación de una topología de red mesh realista y a la selección de nodos Gateways en la misma, analizando mediante la aplicación de la teoría de juegos los flujos establecidos finalmente en la red.  Todo esto permite establecer el punto de partida para desarrollar en el futuro algoritmos de gestión de recursos de nivel de enlace junto con el diseño del encaminamiento y su implementación en protocolos en redes mesh cognitivas.</subfield>
        </datafield>
        <datafield tag="521" ind1=" " ind2=" ">
            <subfield code="a">Ingeniero de Telecomunicación</subfield>
        </datafield>
        <datafield tag="540" ind1=" " ind2=" ">
            <subfield code="a">Derechos regulados por licencia Creative Commons</subfield>
        </datafield>
        <datafield tag="653" ind1="1" ind2=" ">
            <subfield code="a">estrategias de selección de ruta</subfield>
        </datafield>
        <datafield tag="653" ind1="1" ind2=" ">
            <subfield code="a">redes móviles ad hoc</subfield>
        </datafield>
        <datafield tag="653" ind1="1" ind2=" ">
            <subfield code="a">redes mesh coginitivas</subfield>
        </datafield>
        <datafield tag="653" ind1="1" ind2=" ">
            <subfield code="a">teoría de juegos</subfield>
        </datafield>
        <datafield tag="653" ind1="1" ind2=" ">
            <subfield code="a">tecnicas distribuidas de reparto de recursos</subfield>
        </datafield>
        <datafield tag="653" ind1="1" ind2=" ">
            <subfield code="a">topología de red</subfield>
        </datafield>
        <datafield tag="700" ind1=" " ind2=" ">
            <subfield code="a">Ortín Gracia, Jorge</subfield>
            <subfield code="e">dir.</subfield>
        </datafield>
        <datafield tag="710" ind1="2" ind2=" ">
            <subfield code="a">Universidad de Zaragoza</subfield>
            <subfield code="b">Ingeniería Electrónica y Comunicaciones</subfield>
            <subfield code="c">Teoría de la Señal y Comunicaciones</subfield>
        </datafield>
        <datafield tag="720" ind1="2" ind2=" ">
            <subfield code="a">Gallego Martínez, José Ramón</subfield>
            <subfield code="e">ponente</subfield>
        </datafield>
        <datafield tag="856" ind1="0" ind2=" ">
            <subfield code="f">530022@celes.unizar.es</subfield>
        </datafield>
        <datafield tag="856" ind1="4" ind2=" ">
            <subfield code="s">1134175</subfield>
            <subfield code="u">http://zaguan.unizar.es/record/9061/files/TAZ-PFC-2012-654.pdf</subfield>
            <subfield code="y">Memoria (spa)</subfield>
        </datafield>
        <datafield tag="856" ind1="4" ind2=" ">
            <subfield code="s">278593</subfield>
            <subfield code="u">http://zaguan.unizar.es/record/9061/files/TAZ-PFC-2012-654_ANE.pdf</subfield>
            <subfield code="y">Anexos (spa)</subfield>
        </datafield>
        <datafield tag="909" ind1="C" ind2="O">
            <subfield code="o">oai:zaguan.unizar.es:9061</subfield>
            <subfield code="p">driver</subfield>
            <subfield code="p">proyectos-fin-carrera</subfield>
        </datafield>
        <datafield tag="950" ind1=" " ind2=" ">
            <subfield code="a"></subfield>
        </datafield>
        <datafield tag="980" ind1=" " ind2=" ">
            <subfield code="a">TAZ</subfield>
            <subfield code="b">PFC</subfield>
            <subfield code="c">EINA</subfield>
        </datafield>
    </record>

    
</collection>